<?xml version="1.0" encoding="UTF-8"?>
<collection xmlns="http://www.loc.gov/MARC21/slim">
 <record>
  <leader>00879cam a2200181 a 4500</leader>
  <controlfield tag="001">AALConferenceProceedingsResearch4Life(SPIE)012976</controlfield>
  <controlfield tag="008">240908c9999    xx  r poo     0    0eng d</controlfield>
  <datafield tag="020" ind1=" " ind2=" ">
   <subfield code="a">9780819479594</subfield>
  </datafield>
  <datafield tag="040" ind1=" " ind2=" ">
   <subfield code="a">BD-DhAAL</subfield>
   <subfield code="c">BD-DhAAL</subfield>
  </datafield>
  <datafield tag="245" ind1="0" ind2="0">
   <subfield code="h">[electronic resource]</subfield>
   <subfield code="a">Dynamics and Fluctuations in Biomedical Photonics VII</subfield>
  </datafield>
  <datafield tag="260" ind1=" " ind2="1">
   <subfield code="b">SPIE Digital Library,</subfield>
   <subfield code="c">2/25/10</subfield>
  </datafield>
  <datafield tag="300" ind1=" " ind2=" ">
   <subfield code="a">1 online resource</subfield>
  </datafield>
  <datafield tag="500" ind1=" " ind2=" ">
   <subfield code="a">&lt;strong&gt;On-Campus Access Only (IP based access)&lt;/strong&gt;</subfield>
  </datafield>
  <datafield tag="506" ind1=" " ind2=" ">
   <subfield code="a">Electronic access restricted to authorized BRAC University faculty, staff and students</subfield>
  </datafield>
  <datafield tag="538" ind1=" " ind2=" ">
   <subfield code="a">Mode of access: Internet</subfield>
  </datafield>
  <datafield tag="655" ind1=" " ind2="7">
   <subfield code="a">Conference papers and proceedings.</subfield>
   <subfield code="2">Library of Congress</subfield>
  </datafield>
  <datafield tag="700" ind1="1" ind2=" ">
   <subfield code="a">Tuchin, Valery</subfield>
  </datafield>
  <datafield tag="856" ind1="4" ind2="0">
   <subfield code="z">Full text available on Research4Life (SPIE Digital Library)</subfield>
   <subfield code="u">https://login.research4life.org/tacsgr1www_spiedigitallibrary_org/conference-proceedings-of-spie/7563</subfield>
  </datafield>
 </record>
</collection>
